[Event "Milan SSM May B"]
[Site "Milan"]
[Date "2015.05.24"]
[Round "5"]
[White "Longo, Giovanni"]
[Black "Rigotti, Gianluigi"]
[Result "1-0"]
[WhiteElo "1690"]
[BlackElo "1525"]
[PlyCount "99"]
[EventDate "2015.05.20"]
[EventType "swiss"]
[EventRounds "6"]
[EventCountry "ITA"]
[SourceTitle "EXT 2024"]
[Source "ChessBase"]
[SourceDate "2023.10.10"]
[SourceVersion "1"]
[SourceVersionDate "2023.10.10"]
[SourceQuality "1"]

1. e4 e5 2. Nf3 Nc6 3. Be2 Nf6 4. Nc3 Bc5 5. Nxe5 Bxf2+ 6. Kxf2 Nxe5 7. Rf1 d6 8. Kg1 c5 9. d4 cxd4 10. Qxd4 Qb6 11. Qxb6 axb6 12. Bg5 Ned7 13. Nb5 Ke7 14. Rfd1 Ra5 15. Bxf6+ Nxf6 16. Nxd6 Rd8 17. Nxc8+ Rxc8 18. Bd3 Ng4 19. Rd2 Ne5 20. Be2 Rac5 21. c3 b5 22. Rd5 Rxd5 23. exd5 Rc5 24. Re1 Kd6 25. Rd1 Nc4 26. b4 Rc7 27. Bxc4 Rxc4 28. Rd3 b6 29. Kf2 Re4 30. Rh3 h6 31. Rg3 g6 32. Rf3 f5 33. Rg3 g5 34. Rh3 Rh4 35. Rxh4 gxh4 36. Kf3 Kxd5 37. Ke3 Kc4 38. Kd2 f4 39. h3 Kd5 40. Kd3 h5 41. a3 Ke5 42. c4 bxc4+ 43. Kxc4 f3 44. gxf3 Kf4 45. a4 Kxf3 46. a5 bxa5 47. bxa5 Kg3 48. a6 Kxh3 49. a7 Kg3 50. a8Q 1-0

[Event "Milan SSM May B"]
[Site "Milan"]
[Date "2015.05.23"]
[Round "4"]
[White "Rigotti, Gianluigi"]
[Black "Casati, Ivan Mario"]
[Result "1-0"]
[WhiteElo "1525"]
[BlackElo "1385"]
[PlyCount "39"]
[EventDate "2015.05.20"]
[EventType "swiss"]
[EventRounds "6"]
[EventCountry "ITA"]
[SourceTitle "EXT 2024"]
[Source "ChessBase"]
[SourceDate "2023.10.10"]
[SourceVersion "1"]
[SourceVersionDate "2023.10.10"]
[SourceQuality "1"]

1. e4 c6 2. d4 d5 3. e5 Bf5 4. Nf3 e6 5. Bd3 Bg6 6. h4 h6 7. Bxg6 fxg6 8. Qd3 Ne7 9. b3 Nf5 10. g4 Ne7 11. Ba3 Nd7 12. Bxe7 Qxe7 13. Qxg6+ Kd8 14. Nbd2 Qb4 15. Qxe6 Qc3 16. 0-0 Qxc2 17. Qf7 Qh7 18. e6 Nf6 19. Qxb7 Rc8 20. Ne5 1-0

[Event "Milan SSM May B"]
[Site "Milan"]
[Date "2015.05.20"]
[Round "1"]
[White "Guglielmetti, Oscar"]
[Black "Rigotti, Gianluigi"]
[Result "1/2-1/2"]
[WhiteElo "1683"]
[BlackElo "1525"]
[PlyCount "46"]
[EventDate "2015.05.20"]
[EventType "swiss"]
[EventRounds "6"]
[EventCountry "ITA"]
[SourceTitle "EXT 2024"]
[Source "ChessBase"]
[SourceDate "2023.10.10"]
[SourceVersion "1"]
[SourceVersionDate "2023.10.10"]
[SourceQuality "1"]

1. Nf3 d5 2. g3 f5 3. d3 Nf6 4. Bg2 g6 5. 0-0 Bg7 6. Nc3 c6 7. h3 0-0 8. Bf4 Nbd7 9. Qd2 Re8 10. Bg5 e5 11. e4 d4 12. Ne2 fxe4 13. dxe4 Qc7 14. Ne1 Nc5 15. Bxf6 Bxf6 16. Nd3 Ne6 17. f4 exf4 18. gxf4 c5 19. Rae1 c4 20. Ndc1 c3 21. bxc3 dxc3 22. Qe3 Qb6 23. Qxb6 axb6 1/2-1/2

[Event "Milan Palladino Memorial-B 7th"]
[Site "Milan"]
[Date "2015.04.06"]
[Round "7"]
[White "Bolognese, Leonardo"]
[Black "Rigotti, Gianluigi"]
[Result "1-0"]
[WhiteElo "1564"]
[BlackElo "1503"]
[PlyCount "26"]
[EventDate "2015.04.02"]
[EventType "swiss"]
[EventRounds "7"]
[EventCountry "ITA"]
[SourceTitle "EXT 2017"]
[Source "ChessBase"]
[SourceDate "2016.10.25"]
[SourceVersion "1"]
[SourceVersionDate "2016.10.25"]
[SourceQuality "1"]

1. d4 f5 2. c4 Nf6 3. Nc3 g6 4. Nf3 d6 5. Bf4 Bg7 6. e3 c6 7. Be2 0-0 8. 0-0 h6 9. h3 g5 10. Bh2 Nbd7 11. d5 c5 12. a3 a6 13. b4 b6 1-0

[Event "Milan Palladino Memorial-B 7th"]
[Site "Milan"]
[Date "2015.04.06"]
[Round "6"]
[White "Rigotti, Gianluigi"]
[Black "Pipitone, Filippo Massimo"]
[Result "0-1"]
[WhiteElo "1503"]
[BlackElo "1549"]
[PlyCount "96"]
[EventDate "2015.04.02"]
[EventType "swiss"]
[EventRounds "7"]
[EventCountry "ITA"]
[SourceTitle "EXT 2017"]
[Source "ChessBase"]
[SourceDate "2016.10.25"]
[SourceVersion "1"]
[SourceVersionDate "2016.10.25"]
[SourceQuality "1"]

1. e4 c5 2. g3 Nc6 3. Bg2 e6 4. Ne2 d5 5. exd5 exd5 6. 0-0 Nf6 7. c3 Be7 8. d4 0-0 9. Bg5 Ne4 10. Bxe7 Qxe7 11. Nf4 Be6 12. Re1 Nf6 13. Bxd5 Nxd5 14. Nxd5 Qd6 15. Nf4 cxd4 16. Na3 Bf5 17. Nb5 Qf6 18. Nxd4 Rad8 19. Qa4 Nxd4 20. cxd4 Qxd4 21. Qxd4 Rxd4 22. Re7 g5 23. Ng2 Be4 24. Ne3 Bc6 25. b3 Rfd8 26. h3 Kf8 27. Re5 f6 28. Rc5 Kf7 29. Kf1 Kg6 30. g4 Be4 31. Ke1 h5 32. gxh5+ Kxh5 33. Nf5 Bxf5 34. Rxf5 Kg6 35. Rc5 f5 36. Rc7 R8d7 37. Rxd7 Rxd7 38. Ke2 Kh5 39. Kf3 Kh4 40. Kg2 Rd3 41. Rc1 Rxh3 42. Rc7 Rd3 43. Rxb7 f4 44. Kf1 f3 45. Ke1 Kg4 46. Rxa7 Kh3 47. Rh7+ Kg2 48. Rg7 Rd5 0-1

[Event "Milan Palladino Memorial-B 7th"]
[Site "Milan"]
[Date "2015.04.04"]
[Round "3"]
[White "Invernizzi, Ferruccio"]
[Black "Rigotti, Gianluigi"]
[Result "1-0"]
[WhiteElo "1597"]
[BlackElo "1503"]
[PlyCount "87"]
[EventDate "2015.04.02"]
[EventType "swiss"]
[EventRounds "7"]
[EventCountry "ITA"]
[SourceTitle "EXT 2017"]
[Source "ChessBase"]
[SourceDate "2016.10.25"]
[SourceVersion "1"]
[SourceVersionDate "2016.10.25"]
[SourceQuality "1"]

1. e4 e5 2. Nf3 Nc6 3. d4 exd4 4. Nxd4 Bc5 5. Be3 Qf6 6. c3 Nge7 7. Be2 d5 8. Qd3 Ne5 9. Qb5+ Nd7 10. Nd2 c6 11. Qb3 Bb6 12. 0-0 Nc5 13. Qc2 0-0 14. Bf3 Ng6 15. exd5 Ne5 16. dxc6 Nxf3+ 17. N2xf3 bxc6 18. Rfe1 h6 19. Rad1 Bg4 20. h3 Bh5 21. Qf5 Qxf5 22. Nxf5 Bxf3 23. gxf3 Ne6 24. Ne7+ Kh7 25. Nxc6 Rac8 26. Nd4 Rb8 27. Nxe6 fxe6 28. Bxb6 Rxb6 29. Rd2 Rxf3 30. Re3 Rf5 31. b3 a5 32. Rde2 Rf6 33. Kg2 Rg6+ 34. Rg3 Rf6 35. Rd2 g5 36. Rf3 Kg6 37. Rxf6+ Kxf6 38. Kf3 Kf5 39. Ke3 h5 40. Rd8 Rc6 41. Rf8+ Ke5 42. Kd3 Rd6+ 43. Kc4 Rd2 44. a4 1-0

[Event "Milan Palladino Memorial-B 7th"]
[Site "Milan"]
[Date "2015.04.02"]
[Round "1"]
[White "Rigotti, Gianluigi"]
[Black "Orlandini, Andrea"]
[Result "0-1"]
[WhiteElo "1503"]
[BlackElo "1672"]
[PlyCount "60"]
[EventDate "2015.04.02"]
[EventType "swiss"]
[EventRounds "7"]
[EventCountry "ITA"]
[SourceTitle "EXT 2017"]
[Source "ChessBase"]
[SourceDate "2016.10.25"]
[SourceVersion "1"]
[SourceVersionDate "2016.10.25"]
[SourceQuality "1"]

1. e4 c5 2. g3 Nc6 3. Bg2 d6 4. Ne2 Nf6 5. 0-0 g6 6. c3 Bg7 7. d4 0-0 8. d5 Ne5 9. Bf4 Ned7 10. h3 Rb8 11. Nd2 b5 12. b4 Nh5 13. Rc1 Nxf4 14. Nxf4 a5 15. a3 Ba6 16. Nd3 Rc8 17. f4 Qb6 18. Kh2 cxb4 19. cxb4 Rxc1 20. Nxc1 axb4 21. axb4 Qd4 22. Ndb3 Qxb4 23. Nd3 Qc4 24. Na5 Qa4 25. Qxa4 bxa4 26. Rd1 a3 27. Nc6 a2 28. Ndb4 Be2 29. Nxa2 Bxd1 30. Nc3 Bxc3 0-1

[Event "Robecchetto op-C 25th"]
[Site "Robecchetto"]
[Date "2014.12.29"]
[Round "5"]
[White "Rigotti, Gianluigi"]
[Black "Persico, Lorenzo"]
[Result "1-0"]
[WhiteElo "1564"]
[BlackElo "1408"]
[PlyCount "129"]
[EventDate "2014.12.26"]
[EventType "swiss"]
[EventRounds "6"]
[EventCountry "ITA"]
[SourceTitle "EXT 2024"]
[Source "ChessBase"]
[SourceDate "2023.10.10"]
[SourceVersion "1"]
[SourceVersionDate "2023.10.10"]
[SourceQuality "1"]

1. e4 e5 2. Nf3 Nc6 3. Bb5 a6 4. Ba4 b5 5. Bb3 Bc5 6. Bxf7+ Kxf7 7. Nxe5+ Nxe5 8. Qh5+ Ke6 9. Qf5+ Kd6 10. f4 Qf6 11. fxe5+ Qxe5 12. Qf3 Bb7 13. d3 Qf6 14. Bf4+ Ke7 15. Nc3 g5 16. Bxc7 Qxf3 17. gxf3 d6 18. Ba5 Rf8 19. Rf1 Kd7 20. 0-0-0 b4 21. Na4 Ne7 22. Nxc5+ dxc5 23. d4 cxd4 24. Rxd4+ Ke6 25. Rxb4 Bc8 26. Rb6+ Kf7 27. Bc3 Rhg8 28. Rf6+ Ke8 29. Rh6 Rf7 30. Ba5 Rg6 31. Rh5 Ng8 32. h4 h6 33. hxg5 Rxg5 34. Rhh1 Rxa5 35. f4 Bb7 36. Rhg1 Nf6 37. e5 Nd5 38. f5 Ne3 39. Rg8+ Ke7 40. f6+ Kd7 41. Rg7 Rxg7 42. fxg7 Bd5 43. Rf6 Bc4 44. e6+ Bxe6 45. Rxe6 Rg5 46. Rxe3 Rxg7 47. Rb3 Kc6 48. a4 h5 49. a5 Rb7 50. Rxb7 Kxb7 51. Kd2 Kc6 52. Ke3 Kb5 53. Kf4 Kxa5 54. Kg5 Kb5 55. Kxh5 a5 56. Kg4 Kb4 57. Kf3 a4 58. Ke3 a3 59. bxa3+ Kxa3 60. Kd4 Kb4 61. c4 Ka5 62. Kd5 Kb6 63. Kd6 Kb7 64. c5 Kc8 65. Kc6 1-0

[Event "Milan Crespi op-B 35th"]
[Site "Milan"]
[Date "2014.12.06"]
[Round "4"]
[White "Rigotti, Gianluigi"]
[Black "Frignani, Alessandro"]
[Result "0-1"]
[WhiteElo "1564"]
[BlackElo "1389"]
[PlyCount "81"]
[EventDate "2014.12.04"]
[EventType "swiss"]
[EventRounds "7"]
[EventCountry "ITA"]
[SourceTitle "EXT 2017"]
[Source "ChessBase"]
[SourceDate "2016.10.25"]
[SourceVersion "1"]
[SourceVersionDate "2016.10.25"]
[SourceQuality "1"]

1. e4 e5 2. Nf3 Qf6 3. Bc4 Bc5 4. d3 h6 5. a3 Qb6 6. 0-0 Qf6 7. b4 Be7 8. Bb2 d6 9. h3 Qg6 10. Kh2 Nf6 11. Bxe5 Be6 12. Bxe6 fxe6 13. Bg3 Nc6 14. Nbd2 Nd7 15. c3 Bf6 16. d4 e5 17. d5 Ne7 18. c4 b6 19. Nb3 Qxe4 20. Rc1 Bg5 21. Rc2 0-0 22. Nxg5 hxg5 23. Re1 Qg6 24. c5 Rac8 25. cxd6 cxd6 26. Rxc8 Rxc8 27. Qg4 Qf5 28. Nd4 Qxg4 29. hxg4 Nxd5 30. Ne6 Nf4 31. Nxg5 Rc4 32. Bxf4 Rxf4 33. Kg3 Rc4 34. Re3 Kf8 35. Rd3 Ke7 36. f3 Nf6 37. Re3 a6 38. Rd3 d5 39. Re3 e4 40. fxe4 Nxe4+ 41. Kh4 0-1

[Event "Milan Crespi op-B 35th"]
[Site "Milan"]
[Date "2014.12.04"]
[Round "1"]
[White "Casamassima, Paolo"]
[Black "Rigotti, Gianluigi"]
[Result "0-1"]
[WhiteElo "1709"]
[BlackElo "1564"]
[PlyCount "34"]
[EventDate "2014.12.04"]
[EventType "swiss"]
[EventRounds "7"]
[EventCountry "ITA"]
[SourceTitle "EXT 2017"]
[Source "ChessBase"]
[SourceDate "2016.10.25"]
[SourceVersion "1"]
[SourceVersionDate "2016.10.25"]
[SourceQuality "1"]

1. d4 f5 2. c4 Nf6 3. Nc3 d6 4. g3 g6 5. Bg2 c6 6. Nf3 Bg7 7. 0-0 0-0 8. Re1 Nbd7 9. Qb3 Qb6 10. Qa3 a5 11. b3 Qb4 12. Qb2 c5 13. e3 e5 14. Na4 Nb6 15. Nxb6 Qxb6 16. Bd2 e4 17. Nh4 g5 0-1

[Event "Omegna op-B 2nd"]
[Site "Omegna"]
[Date "2014.08.10"]
[Round "5"]
[White "Pivari, Flavio"]
[Black "Rigotti, Gianluigi"]
[Result "1-0"]
[WhiteElo "1410"]
[BlackElo "1606"]
[PlyCount "78"]
[EventDate "2014.08.08"]
[EventType "swiss"]
[EventRounds "5"]
[EventCountry "ITA"]
[SourceTitle "EXT 2015"]
[Source "ChessBase"]
[SourceDate "2014.11.20"]
[SourceVersion "1"]
[SourceVersionDate "2014.11.20"]
[SourceQuality "1"]

1. e4 e5 2. Nf3 Nc6 3. Bb5 a6 4. Ba4 Nf6 5. 0-0 Be7 6. Re1 b5 7. Bb3 d6 8. c3 0-0 9. d4 exd4 10. cxd4 Bg4 11. d5 Ne5 12. Nbd2 c5 13. dxc6 Nxc6 14. h3 Bh5 15. Bd5 Nxd5 16. exd5 Nb4 17. Nf1 Bxf3 18. Qxf3 Nc2 19. Rxe7 Qxe7 20. Rb1 Nd4 21. Qd3 Ne2+ 22. Kh1 Nxc1 23. Rxc1 Rac8 24. Rc6 Rxc6 25. dxc6 Qc7 26. Qd5 Rc8 27. Ne3 Qxc6 28. Qg5 Qc1+ 29. Kh2 Qxb2 30. Nf5 Re8 31. f4 Qf6 32. Qg4 Qg6 33. Ne7+ Kf8 34. Nxg6+ hxg6 35. Qd7 Re6 36. Qc8+ Ke7 37. Qxa6 Rf6 38. Qxb5 Re6 39. Qg5+ Rf6 1-0

[Event "Milan Giugno B"]
[Site "Milan"]
[Date "2014.06.02"]
[Round "6"]
[White "Rigotti, Gianluigi"]
[Black "Poletto, Daniele"]
[Result "0-1"]
[WhiteElo "1616"]
[BlackElo "1744"]
[PlyCount "86"]
[EventDate "2014.05.29"]
[EventType "swiss"]
[EventRounds "6"]
[EventCountry "ITA"]
[SourceTitle "EXT 2024"]
[Source "ChessBase"]
[SourceDate "2023.10.10"]
[SourceVersion "1"]
[SourceVersionDate "2023.10.10"]
[SourceQuality "1"]

1. e4 c5 2. g3 Nc6 3. Bg2 g6 4. Ne2 Bg7 5. c3 e5 6. 0-0 Nge7 7. Na3 0-0 8. Nc2 d5 9. exd5 Nxd5 10. Ne3 Nxe3 11. fxe3 Rb8 12. d3 Bf5 13. e4 Be6 14. Be3 b6 15. Qd2 Qd7 16. a3 Rbd8 17. Rad1 Bg4 18. Bf3 Bh3 19. Rf2 Qc8 20. Nc1 Be6 21. b4 cxb4 22. axb4 Qd7 23. Qe2 Qc7 24. Qb2 Rd7 25. Kg2 Rc8 26. b5 Na5 27. c4 Nb7 28. Qa3 Nc5 29. Bxc5 Qxc5 30. Qxc5 Rxc5 31. Rc2 Rc8 32. Nb3 Rcd8 33. Be2 f5 34. exf5 Bxf5 35. Nc1 Bh6 36. g4 Be6 37. h3 e4 38. c5 bxc5 39. Rxc5 Bxc1 40. Rcxc1 exd3 41. Bf3 d2 42. Rb1 Rd3 43. Kf2 Rf8 0-1

[Event "Milan Giugno B"]
[Site "Milan"]
[Date "2014.05.29"]
[Round "1"]
[White "Aloe, Giancarlo"]
[Black "Rigotti, Gianluigi"]
[Result "1-0"]
[WhiteElo "1693"]
[BlackElo "1616"]
[PlyCount "111"]
[EventDate "2014.05.29"]
[EventType "swiss"]
[EventRounds "6"]
[EventCountry "ITA"]
[SourceTitle "EXT 2024"]
[Source "ChessBase"]
[SourceDate "2023.10.10"]
[SourceVersion "1"]
[SourceVersionDate "2023.10.10"]
[SourceQuality "1"]

1. d4 Nf6 2. Nf3 d5 3. g3 e6 4. Bg2 g6 5. 0-0 Bg7 6. Nbd2 0-0 7. c4 c6 8. b3 Re8 9. Bb2 Nbd7 10. Rc1 Rb8 11. a3 b5 12. cxd5 exd5 13. Rxc6 a5 14. e3 b4 15. axb4 axb4 16. Qc2 Nf8 17. Ne5 Bf5 18. Qc5 Ne6 19. Qd6 Qa5 20. Ra1 Qb5 21. Bf1 Qb7 22. Ba6 Qe7 23. Rac1 Bf8 24. Qxe7 Rxe7 25. Ndf3 Ra7 26. Nh4 Bh3 27. f3 Rba8 28. Bc8 Rxc8 29. Rxc8 Kg7 30. R8c6 Ra2 31. R1c2 g5 32. Ng2 Nd8 33. Rb6 Bf5 34. Rf2 h5 35. Ne1 Nd7 36. Nxd7 Bxd7 37. Nd3 f6 38. Nxb4 Bxb4 39. Rxb4 Kg6 40. Rb6 Nf7 41. e4 Ra5 42. e5 Rb5 43. Rxb5 Bxb5 44. e6 Nd6 45. Ba3 Nf5 46. Bc5 Ng7 47. e7 Kf7 48. Ra2 Nf5 49. Ra7 Be8 50. Kf2 Ng7 51. b4 Ne6 52. Ke3 f5 53. f4 g4 54. Rb7 Ba4 55. b5 Ng7 56. e8Q+ 1-0

[Event "Milan Carnevale op-B 5th"]
[Site "Milan"]
[Date "2014.03.08"]
[Round "4"]
[White "Lavorgna, Francesco"]
[Black "Rigotti, Gianluigi"]
[Result "1-0"]
[WhiteElo "1591"]
[BlackElo "1587"]
[PlyCount "73"]
[EventDate "2014.03.05"]
[EventType "swiss"]
[EventRounds "6"]
[EventCountry "ITA"]
[SourceTitle "EXT 2015"]
[Source "ChessBase"]
[SourceDate "2014.11.20"]
[SourceVersion "1"]
[SourceVersionDate "2014.11.20"]
[SourceQuality "1"]

1. Nf3 d5 2. g3 e6 3. Bg2 Nf6 4. 0-0 Be7 5. c4 0-0 6. d4 dxc4 7. Nc3 c6 8. Ne5 Na6 9. Nxc4 Bb4 10. e4 h6 11. Be3 Re8 12. f4 c5 13. a3 cxd4 14. Bxd4 Qxd4+ 15. Qxd4 Bc5 16. Qxc5 Nxc5 17. e5 Nfd7 18. Nd6 Re7 19. b4 Nb3 20. Rad1 Rb8 21. Rd3 a5 22. Rfd1 Nb6 23. Ncb5 a4 24. Nxc8 Rxc8 25. Rd8+ Rxd8 26. Rxd8+ Kh7 27. Nd6 Rc7 28. Bxb7 Rc1+ 29. Kg2 Nc4 30. Nxc4 Rxc4 31. Ra8 Rc7 32. Be4+ g6 33. Rxa4 Nd2 34. b5 Rc4 35. Rxc4 Nxc4 36. a4 Na3 37. b6 1-0

[Event "Milan Crespi op-B 34th"]
[Site "Milan"]
[Date "2013.12.08"]
[Round "6"]
[White "Rigotti, Gianluigi"]
[Black "Calabrese, Maurizio"]
[Result "1-0"]
[WhiteElo "1594"]
[BlackElo "1434"]
[PlyCount "79"]
[EventDate "2013.12.04"]
[EventType "swiss"]
[EventRounds "7"]
[EventCountry "ITA"]
[SourceTitle "EXT 2015"]
[Source "ChessBase"]
[SourceDate "2014.11.20"]
[SourceVersion "1"]
[SourceVersionDate "2014.11.20"]
[SourceQuality "1"]

1. e4 c5 2. g3 Nf6 3. Bg2 d6 4. Ne2 Nbd7 5. c3 e6 6. d4 cxd4 7. cxd4 Be7 8. 0-0 Qb6 9. Nbc3 h5 10. Na4 Qc7 11. Bg5 b5 12. Rc1 Qa5 13. Nac3 Bb7 14. d5 b4 15. Qa4 Qxa4 16. Nxa4 exd5 17. exd5 Bxd5 18. Bxd5 Nxd5 19. Bxe7 Kxe7 20. Nd4 Kf6 21. Rc6 Kg6 22. Rxd6+ N5f6 23. Rd1 h4 24. Nf3 hxg3 25. fxg3 Rh5 26. Rxd7 Nxd7 27. Rxd7 Ra5 28. b3 Rh5 29. Kg2 a5 30. Nb2 Ra6 31. Nc4 Re6 32. Kf2 f6 33. h4 Ra6 34. g4 Rb5 35. h5+ Kh6 36. Nd6 Rab6 37. Nf5+ Kh7 38. Rxg7+ Kh8 39. N3h4 Rxf5+ 40. Nxf5 1-0

[Event "Milan Crespi op-B 34th"]
[Site "Milan"]
[Date "2013.12.07"]
[Round "5"]
[White "Costanza, Calogero"]
[Black "Rigotti, Gianluigi"]
[Result "1/2-1/2"]
[WhiteElo "1598"]
[BlackElo "1594"]
[PlyCount "54"]
[EventDate "2013.12.04"]
[EventType "swiss"]
[EventRounds "7"]
[EventCountry "ITA"]
[SourceTitle "EXT 2015"]
[Source "ChessBase"]
[SourceDate "2014.11.20"]
[SourceVersion "1"]
[SourceVersionDate "2014.11.20"]
[SourceQuality "1"]

1. d4 Nf6 2. Nf3 d5 3. Nbd2 e6 4. e3 c5 5. b3 Nc6 6. Bb2 b6 7. Bd3 Nb4 8. Be2 Ba6 9. Bxa6 Nxa6 10. a3 Be7 11. Ne5 Rc8 12. Qe2 Nb8 13. Qb5+ Nfd7 14. f4 f6 15. Nef3 a6 16. Qe2 b5 17. 0-0 c4 18. c3 0-0 19. Nh4 f5 20. Nhf3 Nc6 21. b4 Nb6 22. Ne5 Na4 23. Ndf3 Bf6 24. Rab1 Bxe5 25. Nxe5 Rc7 26. Qc2 Nxe5 27. fxe5 Rcf7 1/2-1/2

[Event "ITA-ch Regionale Lombardia Seniores"]
[Site "Robecchetto"]
[Date "2012.12.29"]
[Round "4"]
[White "Ossoli, Giuseppe"]
[Black "Rigotti, Gianluigi"]
[Result "1-0"]
[WhiteElo "1527"]
[BlackElo "1671"]
[PlyCount "107"]
[EventDate "2012.12.27"]
[EventType "swiss"]
[EventRounds "6"]
[EventCountry "ITA"]
[SourceTitle "EXT 2024"]
[Source "ChessBase"]
[SourceDate "2023.10.10"]
[SourceVersion "1"]
[SourceVersionDate "2023.10.10"]
[SourceQuality "1"]

1. c4 Nf6 2. Nc3 c6 3. Nf3 e6 4. g3 d5 5. cxd5 cxd5 6. e3 a6 7. Bg2 Bd6 8. d4 0-0 9. 0-0 Bd7 10. Bd2 Nc6 11. a3 b5 12. Qc2 Rc8 13. Qb1 Na5 14. b3 b4 15. axb4 Bxb4 16. Ne2 Qb6 17. Ra2 Ne4 18. Bxb4 Qxb4 19. Rb2 Bb5 20. Re1 Bxe2 21. Rbxe2 Nc3 22. Qd3 Nxe2+ 23. Qxe2 Rc6 24. Ne5 Rd6 25. Rc1 f6 26. Nd3 Qxb3 27. Nc5 Qb5 28. Qe1 Nc4 29. Rb1 Nb2 30. Bf1 Qb8 31. Qe2 Qb5 32. Qxb2 Qxb2 33. Rxb2 a5 34. Ra2 Ra8 35. Nb7 Rd7 36. Nc5 Rda7 37. Nxe6 a4 38. Bg2 Ra5 39. Nc5 R8a7 40. Bxd5+ Kf8 41. Ra3 Ke7 42. Bc6 g6 43. Bxa4 Kd6 44. Kg2 f5 45. Kf3 Rxc5 46. dxc5+ Kxc5 47. h4 Kb4 48. Ra1 h6 49. Kf4 Kc3 50. Rc1+ Kd2 51. Rc2+ Ke1 52. Be8 Ra6 53. Rc6 Ra2 54. Rxg6 1-0

[Event "Robecchetto op-B 20th"]
[Site "Robecchetto"]
[Date "2009.12.29"]
[Round "5"]
[White "Conta, Diego"]
[Black "Rigotti, Gianluigi"]
[Result "1/2-1/2"]
[WhiteElo "1749"]
[BlackElo "1608"]
[PlyCount "90"]
[EventDate "2009.12.27"]
[EventType "swiss"]
[EventRounds "6"]
[EventCountry "ITA"]
[SourceTitle "EXT 2023"]
[Source "ChessBase"]
[SourceDate "2022.10.05"]
[SourceVersion "1"]
[SourceVersionDate "2022.10.05"]
[SourceQuality "1"]

1. d4 Nf6 2. c4 e6 3. Nc3 d5 4. Nf3 c6 5. cxd5 exd5 6. Bg5 Bb4 7. a3 Bxc3+ 8. bxc3 Nbd7 9. Nd2 Qa5 10. Qc2 0-0 11. e3 h6 12. Bh4 Re8 13. Bd3 g5 14. Bg3 Nb6 15. Be5 Nfd7 16. Bh7+ Kf8 17. Bd6+ Kg7 18. h4 g4 19. h5 Qa4 20. Qb1 Nc4 21. Rh4 Nf6 22. Nxc4 Qxc4 23. Bd3 Qxc3+ 24. Ke2 Qxd4 25. Kf1 Qb6 26. Qc1 Ne4 27. Rb1 Qd8 28. Qb2+ Qf6 29. Qxf6+ Kxf6 30. Bxe4 Rxe4 31. Bf4 Kg7 32. f3 gxf3 33. gxf3 Rc4 34. Be5+ f6 35. Rxc4 dxc4 36. Bd4 b6 37. Ke2 c5 38. Bc3 Bb7 39. Rg1+ Kh7 40. Bxf6 Rg8 41. Rxg8 Kxg8 42. Be5 Kf7 43. Bb8 a6 44. Ba7 b5 45. Bxc5 Bd5 1/2-1/2